000 00726nam a2200217 i 4500
001 178312
003 ES-MaACL
005 20250728115104.0
008 110525s1969 sp |||| | spa d
080 _a293
100 1 _aTéllez, José.
_9146713
245 1 0 _aReligión de germanos, escandinavos y eslavos /
_cpor José Téllez.
260 _aMadrid :
_bDelblan,
_c[1969]
300 _a16 p. ;
_c16 cm.
490 1 _aMosaico cultural.
_aReligiones y sectas ;
_v13
500 _aEncuadernado con otros títulos.
650 0 4 _aMitología germánica.
_9159982
830 0 0 _aMosaico cultural.
_pReligiones y sectas
_v13
_9224281
852 _aES-MaACL
_jE-15193 (13)
_xOlim P-1923
999 _c178312
_d178312